| 000 | 00999nam a22002297a 4500 | ||
|---|---|---|---|
| 003 | JO-AjAnu | ||
| 005 | 20240909130116.0 | ||
| 008 | 240909b jo ||||| |||| 00| 0 ara d | ||
| 040 |
_aJO-AjAnu _bara _cJO-AjAnu _erda |
||
| 041 |
_aara _hara |
||
| 050 |
_a.JQ1833 _bA63.U4388 2021 |
||
| 100 | 1 |
_aالعمري، عمر صالح _949436 _eمؤلف |
|
| 245 | 0 |
_aالحكومات الاردنية في عهد جلالة الملك الحسين بن طلال (1989-1967) / _cتأليف عمر صالح العمري، زيد محمد خضر |
|
| 250 | _aالطبعة الاولى | ||
| 260 |
_aعمان: _bالمؤلفان، _c2012 |
||
| 300 | _a310 صفحة | ||
| 490 | _aسلسلة كلنا الاردن(2) سلسلة وثائقية تعنى بتاريخ الاردن الحديث والمعاصر | ||
| 504 | _aيحتوي على ملاحق | ||
| 650 | 7 | 0 |
_aالحكومات-الاردن-تاريخ الاردن _966194 |
| 700 | 1 |
_aخضر، محمد زيد _eمؤلف _966196 |
|
| 942 |
_2lcc _cBK _n0 |
||
| 999 |
_c33677 _d33677 |
||